Upravlenije ekologičeskimi sistemami /

Gespeichert in:
Bibliographische Detailangaben
Hauptverfasser: Zaslavskij, Boris Grigorjevič (Verfasst von), Poluektov, Ratmir Aleksandrovič (Verfasst von)
Format: Buch
Veröffentlicht: Moskva : Nauka, 1988
Tags: Tag hinzufügen
Keine Tags, Fügen Sie das erste Tag hinzu!

MARC

LEADER 00000nam a22000003a 4500
001 stu14552
005 20150617225800.0
008 ------s1988----xxr---------------------d
040 |a STU  |b slo 
041 0
044 |a xxr 
080 |a 519.857 
100 1 |a Zaslavskij, Boris Grigorjevič  |4 aut 
245 1 |a Upravlenije ekologičeskimi sistemami /  |c [aut.]Zaslavskij,Boris Grigorjevič, Poluektov,Ratmir Aleksandrovič 
260 |a Moskva :  |b Nauka,  |c 1988 
300 |a 294 s :  |b Tab.,grafy,lit 
700 1 |a Poluektov, Ratmir Aleksandrovič  |4 aut 
996 |b C83749  |c C*83749  |l CCXVI  |s P  |a 0  |w stu14552_0001